La reforma del rǧimen jurd̕ico-procesal del recurso de amparo (Reflexiones en torno a la Ley Orgǹica 6/2007, de reforma de la ley orgǹica del Tribunal Constitucional) /

Detalles Bibliográficos
Autor principal: Fernǹdez Segado, Francisco
Formato: Desconocido
Lenguaje:español
Publicado: Madrid : Dykinson, 2007
Materias:
Acceso en línea:Acceso restringido

MARC

LEADER 00000ny a22000003n 4500
005 20110616132333.0
008 071210s2007 sp f 001 0 spa c
017 |a D.L.M49570-07 
020 |a 9788498491333 
035 |a 2747 
040 |a SpMaUCDE  |d vLex 
080 |a 342.565.2(460) 
090 |c 775  |d 775 
100 1 |a Fernǹdez Segado, Francisco 
245 1 3 |a La reforma del rǧimen jurd̕ico-procesal del recurso de amparo  |h [Recurso electrn̤ico]  |b (Reflexiones en torno a la Ley Orgǹica 6/2007, de reforma de la ley orgǹica del Tribunal Constitucional) /  |c Francisco Fernǹdez Segado 
256 |a Servicio en ln̕ea 
260 |a Madrid :  |b Dykinson,  |c 2007 
300 |a 198 p. ;  |c 23 cm 
506 1 |a Contenido solo disponible en los productos indicados  |d vLex Global  |d vLex Global (Academic Edition, excluding Law Schools)  |d vLex Global (U.S. Academic Edition, Law Schools)  |d vLex Global (U.S. Academic Edition, excluding Law Schools)  |d vLex Global (Academic Edition, Law Schools) 
650 0 7 |a Procesal  |2 Tesauro vLex 
650 0 7 |a Recursos  |2 Tesauro vLex 
650 0 7 |a Procesos constitucionales  |2 Tesauro vLex 
650 0 7 |a Recurso de amparo  |2 Tesauro vLex 
740 0 |a vLex Libros (Servicios en ln̕ea) 
856 4 0 |u http://vlex.com/source/2747  |z Acceso restringido 
942 |c BOOK 
999 0 |a Procedure (Law)  |b Madrid